000 00459nam a2200145 i 4500
001 72491
003 ES-MaACL
005 20230906171442.0
007 t|
008 040901s1903 sp ||||1| spa d
100 1 _aGirbau y Alavedra, Juan.
_957256
245 1 0 _aProyecto de dos proporciones de ley para sanear y vigorizar la asociación anónima del capital /
_cJuan Girbau y Alavedra.
260 _aMadrid :
_b[s.n.,
_c1903]
852 _aES-MaACL
_jT-1026-F-13
999 _c72491
_d72491